000 00584 a2200169 4500
020 _a1842653601
020 _a9781842653609
082 _a515.9
090 _c928
_d928
100 1 _aCooray, T.M.J.A.
245 1 0 _aComplex analysis with vector calculus /
_cT.M.J.A. Cooray.
260 _a[S.l.] :
_bAlpha Science Int'l Ltd,
_c2006.
300 _a368 p. ;
_c25 cm.
700 _aCooray, T.M.J.A.
942 _aSNS
_cBK
_k515.9 COO
999 _c29549
_d29549